Départements traversés par la Loire - Mort Subite - Statistiques

Statistiques générales
  • Ce quiz a été pris 46 fois
  • Le résultat moyen est 7 sur 12
Answers on the Grid
Answers color-coded by a green-red scale on the quiz's grid according to % correct below.
Ardèche
Haute-Loire
Loire
Allier
Saône-et-Loire
Nièvre
Cher
Loiret
Loir-et-Cher
Indre-et-Loire
Maine-et-Loire
Loire-Atlantique
Eure-et-Loir
Indre
Puy-de-Dôme
Cantal
Yonne
Sarthe
Mayenne
Vienne
Vendée
Lozère
Aveyron
Deux-Sèvres
 
Statistiques - réponses
Réponse % Correct
Loire
85%
Loire-Atlantique
83%
Indre-et-Loire
80%
Haute-Loire
71%
Maine-et-Loire
71%
Saône-et-Loire
66%
Loiret
49%
Allier
46%
Nièvre
44%
Loir-et-Cher
37%
Cher
27%
Ardèche
24%
Aucun quiz correspondant
Distribution des résultats
% des personnes avec chaque résultat
Percentile par nombre de réponses
Votre historique - résultats
Vous n’avez pas pris ce quiz